Normal view
MARC view
- Internet
Entry Materia
001 - NÚMERO DE CONTROL DEL REGISTRO
- campo de control: 49725
003 - IDENTIFICADOR DE NUMERO DE CONTROL
- campo de control: MX-MxUPN
005 - FECHA Y HORA DE LA ÚLTIMA TRANSACCIÓN
- campo de control: 20230815114110.0
008 - DATOS DE LONGITUD FIJA
- campo de control de longitud fija: 230815|| acn||babn | a|a d
040 ## - FUENTE DE LA CATALOGACIÓN
- Centro catalogador de origen: MX-MxUPN
- Lengua de catalogación: spa
- Agencia de transcripción: MX-MxUPN
150 ## - ENCABEZAMIENTO - TEMÁTICO
- Término de materia o nombre geográfico como elemento inicial: Internet
- Subdivisión de materia general: Leyes y legislación
- Subdivisión geográfica: Europa
670 ## - FUENTE EN LA QUE SE LOCALIZARON DATOS
- Cita de la fuente: Librunam, 15 agosto 2023:
- Información localizada: (Internet -- Leyes y legislación -- Europa)
902 ## - CATALOGADOR
- Catalogador: Víctor Ruiz/150823
